O senhor vento e a senhora chuva (Registo nº 2073)
[ vista simples ]
| 000 -Etiqueta do registo | |
|---|---|
| Cabeçalho | 00935nam a22002891 4500 |
| 005 - Identificador da versão | |
| Campo de controlo | 20240813121924.0 |
| 095 ## - | |
| -- | PTBN00148687 |
| 100 ## - Dados gerais de processamento | |
| Dados gerais de processamento | 19940701d1963 am y0pory5003 ba |
| 102 ## - Pais de publicação ou produção | |
| País de publicação | Portugal |
| 101 1# - Língua de publicação | |
| Língua do texto, banda sonora, etc. | Português |
| Língua do documento no original | Francês |
| 106 ## - Campo de dados codificados: material textual | |
| Dados codificados do material textual | r |
| 105 ## - Campo de dados codificados: livros | |
| Dados codificados dos livros | a z 000fy |
| 215 ## - Descrição física | |
| Indicação específica da natureza do documento e extensão da espécie | 105 p., [1] f. |
| Outras indicações físicas | il. |
| Dimensões | 19 cm |
| 200 1# - Titulo e menção de responsabilidade | |
| Título próprio | O senhor vento e a senhora chuva |
| Primeira menção de responsabilidade | Paul de Musset |
| Outras menções de responsabilidade | trad. Maria Manuela Branquinho da Fonseca |
| -- | il. Aliki |
| 225 2# - Colecção | |
| Título próprio da colecção | Biblioteca da juventude |
| Número de uma parte ou secção | Série C |
| Nome de uma parte ou secção | Clássicos |
| Indicação de volume | 1 |
| 210 ## - Publicação, Distribuição, etc. | |
| Lugar da edição, distribuição, etc. | Lisboa |
| Nome do editor, distribuidor, etc. | Verbo |
| Data da publicação, distribuição, etc. | [D.L. 1963] |
| 304 ## - Notas relativas a título e menção de responsabilidade | |
| Texto da nota | Tít. orig.: Monsieur le vent et madame la pluie |
| 606 ## - Nome comum usado como assunto | |
| Número de registo de entrada de autoridade | 0000634 |
| Palavra de ordem | Literatura estrangeira juvenil |
| Subdivisão de assunto | Conto |
| 675 ## - Classificação Decimal Universal (CDU) | |
| Notação | 82-34 |
| Edição | 2ª |
| Língua da edição | por |
| 702 #1 - Nome de autor-pessoa física (responsabilidade secundária) | |
| Número de registo de entrada de autoridade | 0000805 |
| Palavra de ordem | Fonseca |
| Outra parte do nome não tomada para palavra de ordem | Maria Manuel Branquinho da |
| Código de função | Tradutor |
| Número de registo de entrada de autoridade | 0000806 |
| Palavra de ordem | Aliki |
| Código de função | Ilustrador / Técnico de desenho computorizado |
| 700 #1 - Nome de autor-pessoa física (responsabilidade principal) | |
| Número de registo de entrada de autoridade | 0000804 |
| Palavra de ordem | Musset |
| Outra parte do nome não tomada para palavra de ordem | Paul de |
| 942 ## - Elementos de entrada adicionados (Koha) | |
| Tipo de item no Koha | Livro |
| Situação do levantamento | Origin of item (home branch) (coded) | Biblioteca de empréstimo | Código de barras | Cota | Circulation type (not for loan) | Tipo de documento | Nota do exemplar | Damaged status |
|---|---|---|---|---|---|---|---|---|
| Biblioteca Escolar da Coca Maravilhas | Biblioteca Escolar da Coca Maravilhas | BECM2022/94 | 8EST MUS | Livro | Sem mensagem |
